00678nam a2200229 a 450000100060000000300080000600500170001400800410003103500190007204000230009104100080011408200290012210000260015124500640017726000310024130000280027260000180030060000340031865000280035265100350038070000330041582645BD-RjUL20240116143037.02401 s1903 enk 000 0 eng d a(BD-RjUL)82645 aHUJIbengcBD-RjUL0 aeng 223a942.010922bGEH 19030 aGeoffrey,d1100?-115410aHistories of the kings of Britain /cTr.By Sebastian Evens. aLondon :bJ.M.Dent,c1904. axxiv, 250 pages.c17 cm04aArthur,cKing04aMerlinc(Legendary character) 4aLegendszGreat Britain. 4aGreat BritainxHistoryyTo 4491 aEvans, Sebastian,d1830-1909